000 01164nam a2200337Ic 4500
001 58783
003 CO-BoRNBP
005 20250828143317.0
007 ta
008 141031s9999 xx 000 0 und d
020 _a9789583011719
040 _aCO-BoRNBP
_bspa
_erda
_cCO-BoRNBP
041 _aspa
084 _aP
100 _aSilva Vallejo, Fabio,
_d1962
_eaut
_941089
245 1 0 _aYo y mi mundo /
_cFabio Silva Vallejo ; ilustraciones Olga Cuellar.
250 _aPrimera edición., primera reimpresión
264 1 _aBogotá, Colombia :
_bPanamericana,
_c2008
300 _a56 páginas :
_bilustraciones
336 _atexto
_btxt
_2rdacontent
337 _asin mediación
_bn
_2rdamedia
338 _avolumen
_bnc
_2rdacarrier
500 _aIncluye datos biográficos del autor en la solapa
650 0 7 _aAnimales en la literatura
_2LEMB
_9853
650 0 7 _aImaginación en la literatura
_2lemb
_9890
650 0 7 _aNaturaleza en la literatura
_2lemb
_91606
650 0 4 _aPoesía infantil colombiana
_ySiglo XX
_2LEMB
_92448
650 0 4 _aLiteratura infantil colombiana
_ySiglo XX
_2LEMB
_9364
700 _aCuéllar Serrano, Olga
_eill
942 _2loc
_cBKINF
999 _c58783
_d58783